Statistics for All phantom forces roblox weapons

Click here to take the quiz!

General Stats

  • This quiz has been taken 7 times
  • The average score is 86 of 222

Answer Stats

HintAnswer% Correct
rank 0AK-12
100%
47AK-47
100%
74AK-74
100%
14M4
100%
0M4A1
100%
0M9
100%
30SCAR-H
100%
16SCAR-L
100%
10AN-94
86%
20AUG A1
86%
39AUG A2
86%
52AUG A3
86%
21BEOWULF ECR
86%
65BFG 50
86%
0COLT LMG
86%
0G17
86%
59G3
86%
25G36
86%
0INTERVENTION
86%
40MP5
86%
74MP5/10
86%
0MP5K
86%
103AK103
71%
15AS VAL
71%
80AUG A3 PARA
71%
70BEOWULF TCR
71%
128C7A2
71%
211G11K2
71%
7G36C
71%
67HK21
71%
62HONEY BADGER
71%
19M60
71%
9MP7
71%
220NTW-20
71%
12REMINGTON 700
71%
75SFG 50
71%
112AA12
57%
105AK105
57%
44AK12BR
57%
94AKM
57%
88AKS74U
57%
222CAN CANNON
57%
49COLT SMG 633
57%
17G18C
57%
6G36K
57%
150HECATE II
57%
64HK416
57%
1KSG-12
57%
2M14
57%
31M16A3
57%
22M16A4
57%
136M1903
57%
123M231
57%
79M79 THUMPER
57%
3MK11
57%
91MOSIN NAGANT
57%
11REMINGTON 870
57%
54RPK
57%
37RPK12
57%
88RPK74
57%
63SAIGA-12
57%
90SAWED OFF
57%
72SCAR HAMR
57%
32SCAR PDW
57%
13SKS
57%
5UMP45
57%
581858 NEW ARMY
43%
76AG-3
43%
51AK12C
43%
35AKU12
43%
110ARM PISTOL
43%
82AWM
43%
128C8A2
43%
24DBV12
43%
87E-GUN
43%
137EXECUTIONER
43%
107FAL 50.00
43%
45FAMAS F1
43%
50G50
43%
63K1A
43%
42K2
43%
0KNIFE
43%
100KRISS VECTOR
43%
170M107
43%
23MAC 10
43%
29MATEBA 6
43%
86MC51
43%
33MG36
43%
66MP10
43%
106MP1911
43%
4MP412 REX
43%
117OBREZ
43%
24P90
43%
92PPSH-41
43%
126RAMA 1130
43%
82REDHAWK 44
43%
85SCAR SSR
43%
38SL-8
43%
81STEVENS DB
43%
116STG-44
43%
36SUPER SHORTY
43%
111TAR-21
43%
121TOMMY GUN
43%
37TYPE 20
43%
122TYPE 88
43%
77UZI
43%
140V40 MINI
43%
931858 CARBINE
29%
2693R
29%
27AUG HBAR
29%
41AWS
29%
168BUNDLE CHARGE
29%
38DRAGUNOV SVU
29%
133DT11 PRO
29%
98FAL PARA SHORTY
29%
57FIVE SEVEN
29%
160FT300
29%
21G21
29%
23G23
29%
40G40
29%
42GROZA-1
29%
79GROZA-4
29%
84HARDBALLER
29%
96HENRY 45-70
29%
78HK417
29%
113JUDGE
29%
114JURY
29%
138K14
29%
84K7
29%
28L22
29%
53L2A3
29%
55L85A2
29%
43L86 LSW
29%
8M1911A1
29%
68M21
29%
71M3A1
29%
56M560 MINI
29%
0M67 FRAG
29%
73MACHETE
29%
101MG3KWS
29%
68MICRO UZI
29%
107MP40
29%
60MP5SD
29%
59MSG90
29%
105PP-19 BIZON
29%
42PP-2000
29%
78SA58 SPR
29%
95SAIGA-12U
29%
132SASS 308
29%
69SEMTEX
29%
120SPAS-12
29%
69SR-3M
29%
50TEC-9
29%
84TRG-42
29%
189USAS-12
29%
200WA2000
29%
130X95R
29%
115X95 SMG
29%
201AF2011-A1
14%
179ALIEN
14%
109AM III
14%
97ASMI
14%
48BASEBALL BAT
14%
97BRASS KNUCKLE
14%
87COILGUN
14%
N/ACRANE
14%
109CRICKET BAT
14%
18DESERT EAGLE L5
14%
102DESERT EAGLE XIX
14%
104DRAGUNOV SVDS
14%
0DYNAMITE
14%
0DYNAMITE-3
14%
89FAL 50.63 PARA
14%
139FRYING PAN
14%
99GB-22
14%
73GI M1
14%
144GRIZZLY
14%
131GSP
14%
127GYROJET CARBINE
14%
122GYROJET MARK I
14%
N/AHATTORI
14%
160HK51B
14%
73ICE PICK
14%
91IZHEVSK PB
14%
119JASON
14%
N/AJKEY
14%
125KAC SRR
14%
50KG-99
14%
150M2011
14%
24M24 STICK
14%
26M26 FRAG
14%
35M45A1
14%
92MAKAROV PM
14%
2MK. 2 FRAG
14%
54NIGHTSTICK
14%
48OTS-126
14%
135PB GRENADE
14%
N/AREAPER
14%
54RGD-5 HE
14%
300ROLY HG
14%
84SKORPION VZ. 61
14%
195STEYR SCOUT
14%
N/ASTICK GRENADE
14%
80T-13 IMPACT
14%
83TOMAHAWK
14%
23TRENCH MACE
14%
46VSS VINTOREZ
14%
61ZIP 22
14%
N/AASP BATON
0%
N/ACHOSEN ONE
0%
N/ACLEAVER
0%
0CROWBAR
0%
N/AHUNTING KNIFE
0%
56K3-23M
0%
N/AKARAMBIT
0%
N/ALONGSWORD
0%
N/AMEK'LETH
0%
N/ANORDIC WAR AXE
0%
113RGN UZDS
0%
114RGO UZDS
0%
N/ASLEDGE HAMMER
0%
N/ATACTICAL SPATULA
0%

Score Distribution

Percentile by Number Answered

Percent of People with Each Score

Your Score History

You have not taken this quiz